Miasta w Mazowieckim - Statystyki

Ogólne statystyki
  • Ten quiz został rozwiązany 69 razy
    32 od ostatniego zresetowania
  • Średni wynik to 41 z 97
Statystyki odpowiedzi
Miasto % Poprawnych
Warszawa
100%
Siedlce
90%
Radom
87%
Legionowo
83%
Płock
83%
Pruszków
83%
Ostrołęka
80%
Mińsk Mazowiecki
73%
Nowy Dwór Mazowiecki
73%
Otwock
73%
Marki
70%
Piaseczno
70%
Żyrardów
70%
Wołomin
67%
Ciechanów
63%
Grodzisk Mazowiecki
63%
Pułtusk
63%
Wyszków
63%
Ząbki
63%
Józefów
60%
Mława
60%
Ostrów Mazowiecka
60%
Płońsk
60%
Sokołów Podlaski
60%
Grójec
57%
Przasnysz
57%
Sochaczew
57%
Węgrów
57%
Garwolin
53%
Maków Mazowiecki
53%
Sierpc
53%
Zielonka
53%
Żuromin
53%
Kobyłka
50%
Konstancin-Jeziorna
50%
Piastów
50%
Sulejówek
50%
Białobrzegi
47%
Góra Kalwaria
47%
Milanówek
47%
Gostynin
43%
Halinów
43%
Kozienice
43%
Łosice
43%
Błonie
40%
Brwinów
40%
Przysucha
40%
Warka
40%
Cegłów
37%
Kałuszyn
37%
Mrozy
37%
Mszczonów
37%
Nasielsk
37%
Szydłowiec
37%
Tłuszcz
37%
Zwoleń
37%
Karczew
33%
Łomianki
33%
Nowe Miasto
33%
Ożarów Mazowiecki
33%
Pilawa
33%
Radzymin
33%
Serock
33%
Lipsko
30%
Mordy
30%
Pionki
30%
Podkowa Leśna
30%
Tarczyn
27%
Czerwińsk nad Wisłą
23%
Iłża
23%
Łochów
23%
Nowe Miasto nad Pilicą
23%
Solec nad Wisłą
23%
Wyszogród
23%
Żelechów
23%
Brok
20%
Jedlnia-Letnisko
20%
Kosów Lacki
20%
Łaskarzew
20%
Mogielnica
20%
Myszyniec
20%
Różan
20%
Skaryszew
20%
Zakroczym
20%
Gąbin
17%
Glinojeck
17%
Sanniki
17%
Sochocin
17%
Wiskitki
17%
Wyśmierzyce
17%
Bieżuń
13%
Chorzele
13%
Drobin
13%
Lubowidz
13%
Raciąż
13%
Raciąż
13%
Raciąż
13%
Nie znaleziono quizów pasujących do podanych kryteriów
Rozkład punktacji
Procent ludzi z każdym wynikiem
Percentyl według liczby udzielonych odpowiedzi
Twoja historia wyników
Nie rozwiązałeś tego quizu od ostatniego zresetowania